57 Practical Programs & Games in Basic

Bibliographic Details
Main Author: Tracton, Ken
Format: Section = Libro
Language:Undetermined
Spanish
Published: United States Tab Books 1978
Subjects:
LEADER 00560nam a2200217Ia 4500
008 240830s9999 xx 000 0 und d
020 |a 0-8306-9987-2 
040 |a CEDOC FIQ-RUSB / 511 T759 
041 |a spa 
082 |a 511 T759 
100 1 |a Tracton, Ken 
245 1 0 |a 57 Practical Programs & Games in Basic 
260 |a United States  |b Tab Books  |c 1978 
300 |a 204 p.: il. 
650 7 |a ANÁLISIS NÚMERICO 
650 7 |b  SECCIÓN CIRCULAR 
650 7 |c  CANTIDADES COMPUESTAS 
650 7 |d  JUEGOS 
942 |c BK  |2 ddc 
991 |a TEXTO 
999 |c 13153